[Event "Barcelona Sant Marti op 7th"]
[Site "Barcelona"]
[Date "2018.02.08"]
[Round "5"]
[White "Padilla Carmona, Francisco"]
[Black "Costa Trave, Jaume"]
[Result "1-0"]
[WhiteElo "1786"]
[BlackElo "1952"]
[PlyCount "67"]
[EventDate "2018.01.11"]
[EventType "swiss"]
[EventRounds "9"]
[EventCountry "ESP"]
[SourceTitle "EXT 2019"]
[Source "ChessBase"]
[SourceDate "2018.10.10"]
[SourceVersion "1"]
[SourceVersionDate "2018.10.10"]
[SourceQuality "1"]

1. e4 e6 2. d4 d5 3. exd5 exd5 4. c4 c6 5. Nc3 Bb4 6. Nf3 Ne7 7. Bd3 0-0 8. 0-0 h6 9. h3 Nd7 10. cxd5 cxd5 11. Qb3 Bxc3 12. bxc3 Nf6 13. Ba3 a6 14. Rfe1 Re8 15. Bxe7 Rxe7 16. Rxe7 Qxe7 17. Re1 Qd6 18. c4 Rb8 19. cxd5 b5 20. Ne5 Nxd5 21. Bc2 Be6 22. Qd3 Nf6 23. Ng4 Bxg4 24. hxg4 Rd8 25. Rd1 g6 26. f3 Nd5 27. Bb3 Nf4 28. Qe4 a5 29. Qb7 a4 30. Qxf7+ Kh8 31. Re1 Rf8 32. Re8 Ne2+ 33. Kf2 Qg3+ 34. Kf1 1-0

[Event "Barcelona Sant Marti op 7th"]
[Site "Barcelona"]
[Date "2018.01.18"]
[Round "2"]
[White "Espuny Vinye, Ramon"]
[Black "Padilla Carmona, Francisco"]
[Result "0-1"]
[WhiteElo "1941"]
[BlackElo "1786"]
[PlyCount "90"]
[EventDate "2018.01.11"]
[EventType "swiss"]
[EventRounds "9"]
[EventCountry "ESP"]
[SourceTitle "EXT 2019"]
[Source "ChessBase"]
[SourceDate "2018.10.10"]
[SourceVersion "1"]
[SourceVersionDate "2018.10.10"]
[SourceQuality "1"]

1. Nf3 d5 2. g3 Nf6 3. Bg2 c6 4. 0-0 g6 5. d3 Bg7 6. c3 0-0 7. Nbd2 Nbd7 8. Qc2 e5 9. a4 Re8 10. e4 dxe4 11. dxe4 Qc7 12. Rd1 h6 13. b4 b5 14. c4 bxa4 15. Rxa4 Nb6 16. Ra5 Nh7 17. Bb2 Bg4 18. h3 Bxf3 19. Nxf3 Ng5 20. Rda1 Nxf3+ 21. Bxf3 Qe7 22. c5 Nc8 23. Bg4 h5 24. Bf3 Rb8 25. Bc3 Rb7 26. h4 Qe6 27. Be2 Rc7 28. Kg2 Kh7 29. Bd2 Rd8 30. Rd1 f6 31. Ra3 Rd4 32. Bc3 Rxd1 33. Qxd1 Bf8 34. Be1 Rd7 35. Rd3 Rxd3 36. Qxd3 Bg7 37. Qd8 f5 38. Ba6 Ne7 39. Qd6 Qf7 40. Bd3 f4 41. b5 f3+ 42. Kf1 cxb5 43. Bxb5 Nf5 44. exf5 Qxf5 45. Be8 Qh3+ 0-1

[Event "Barcelona Sant Marti op-B 5th"]
[Site "Barcelona"]
[Date "2016.02.25"]
[Round "7"]
[White "Albert Cristobal, Jorge"]
[Black "Padilla Carmona, Francisco"]
[Result "0-1"]
[WhiteElo "1794"]
[BlackElo "1755"]
[PlyCount "60"]
[EventDate "2016.01.14"]
[EventType "swiss"]
[EventRounds "9"]
[EventCountry "ESP"]
[SourceTitle "EXT 2017"]
[Source "ChessBase"]
[SourceDate "2016.10.25"]
[SourceVersion "1"]
[SourceVersionDate "2016.10.25"]
[SourceQuality "1"]

1. e4 e5 2. Nf3 Nc6 3. Bc4 Nf6 4. d4 exd4 5. 0-0 Nxe4 6. Re1 d5 7. Bxd5 Qxd5 8. Nc3 Qh5 9. Nxe4 Be6 10. Bg5 h6 11. Bf6 Be7 12. Bxd4 0-0-0 13. c3 Nxd4 14. cxd4 Bd6 15. Qa4 Kb8 16. Nxd6 Rxd6 17. Rac1 Rhd8 18. Re5 Qg4 19. h3 Qf4 20. Rec5 R6d7 21. Qb4 Bxh3 22. Ne5 Bxg2 23. Kxg2 Qe4+ 24. Kg1 Rxd4 25. Qb3 Rd3 26. Qxf7 Rd1+ 27. Rxd1 Rxd1+ 28. Kh2 Rh1+ 29. Kg3 Rg1+ 30. Kh2 Qg2# 0-1

[Event "Barcelona Sant Marti op-B 17th"]
[Site "Barcelona"]
[Date "2015.07.20"]
[Round "8"]
[White "Salazar Navas, Josep"]
[Black "Padilla Carmona, Francisco"]
[Result "0-1"]
[WhiteElo "2024"]
[BlackElo "1937"]
[PlyCount "134"]
[EventDate "2015.07.13"]
[EventType "swiss"]
[EventRounds "9"]
[EventCountry "ESP"]
[SourceTitle "EXT 2016"]
[Source "ChessBase"]
[SourceDate "2015.10.08"]
[SourceVersion "1"]
[SourceVersionDate "2015.10.08"]
[SourceQuality "1"]

1. e4 e5 2. d4 exd4 3. Nf3 Nc6 4. c3 d5 5. exd5 Qxd5 6. cxd4 Nf6 7. Nc3 Bb4 8. Be2 Ne4 9. Bd2 Bxc3 10. bxc3 Nxd2 11. Qxd2 0-0 12. 0-0 Bg4 13. Rab1 b6 14. h3 Bxf3 15. Bxf3 Qd7 16. Qf4 Rad8 17. Rfe1 Ne7 18. Bg4 Ng6 19. Qd2 Qd6 20. Re3 Ne5 21. Be2 c5 22. Rd1 cxd4 23. cxd4 Ng6 24. Bb5 Nf4 25. Re4 Ne6 26. d5 Nc5 27. Rg4 f5 28. Rd4 Ne4 29. Qe3 Rf6 30. Rc1 Nc5 31. Bc6 f4 32. Qf3 Rdf8 33. Re1 h6 34. Qh5 Rf5 35. Qf3 Qf6 36. Rd2 Re5 37. Rxe5 Qxe5 38. Re2 Qd6 39. Re1 Kh7 40. Qe2 f3 41. Qc2+ g6 42. g3 Rf7 43. Qc3 Kg8 44. Re3 Rf8 45. Rxf3 Rxf3 46. Qxf3 Qe5 47. Qe3 Qxe3 48. fxe3 Ne4 49. Kg2 Kf7 50. Kf3 Nd6 51. Kf4 Kf6 52. h4 g5+ 53. hxg5+ hxg5+ 54. Kg4 b5 55. a3 a5 56. Kf3 Ke5 57. Kg4 Kf6 58. e4 b4 59. axb4 axb4 60. e5+ Kxe5 61. Kxg5 Ne4+ 62. Kh4 Nc5 63. g4 b3 64. Be8 b2 65. Bg6 Ne4 66. d6 b1Q 67. Bxe4 Qxe4 0-1

[Event "Barcelona Sant Marti op-B 17th"]
[Site "Barcelona"]
[Date "2015.07.15"]
[Round "3"]
[White "Padilla Carmona, Francisco"]
[Black "Martinez Hernandez, Emili"]
[Result "1/2-1/2"]
[WhiteElo "1937"]
[BlackElo "2018"]
[PlyCount "45"]
[EventDate "2015.07.13"]
[EventType "swiss"]
[EventRounds "9"]
[EventCountry "ESP"]
[SourceTitle "EXT 2016"]
[Source "ChessBase"]
[SourceDate "2015.10.08"]
[SourceVersion "1"]
[SourceVersionDate "2015.10.08"]
[SourceQuality "1"]

1. e4 c5 2. Nf3 e6 3. Nc3 Nc6 4. d4 cxd4 5. Nxd4 Bb4 6. Ndb5 a6 7. Nd6+ Bxd6 8. Qxd6 Qe7 9. Qg3 f6 10. Bd3 b5 11. 0-0 Nb4 12. Be3 Bb7 13. a3 Nxd3 14. cxd3 e5 15. f4 d6 16. fxe5 dxe5 17. Kh1 Qf7 18. d4 exd4 19. Bxd4 Ne7 20. e5 Rg8 21. Rae1 f5 22. e6 Qg6 23. Qxg6+ 1/2-1/2

[Event "Barcelona Sant Marti op-B 17th"]
[Site "Barcelona"]
[Date "2015.07.13"]
[Round "1"]
[White "Padilla Carmona, Francisco"]
[Black "Jimenez Rimblas, Raul"]
[Result "1-0"]
[WhiteElo "1937"]
[BlackElo "1708"]
[PlyCount "43"]
[EventDate "2015.07.13"]
[EventType "swiss"]
[EventRounds "9"]
[EventCountry "ESP"]
[SourceTitle "EXT 2016"]
[Source "ChessBase"]
[SourceDate "2015.10.08"]
[SourceVersion "1"]
[SourceVersionDate "2015.10.08"]
[SourceQuality "1"]

1. e4 g6 2. d4 Nf6 3. e5 Nd5 4. Nf3 Bg7 5. Bc4 e6 6. Bg5 Ne7 7. Qd2 d6 8. Bh6 Bxh6 9. Qxh6 Nf5 10. Qd2 0-0 11. exd6 cxd6 12. 0-0 Nc6 13. c3 a6 14. g4 Ng7 15. Qh6 e5 16. Ng5 Re8 17. Bxf7+ Kf8 18. Bxg6 Qf6 19. Nxh7+ Ke7 20. Nxf6 Kxf6 21. Bxe8+ Ke7 22. Bxc6 1-0

[Event "Barcelona Primavera La Lira op 8th"]
[Site "Barcelona"]
[Date "2015.06.04"]
[Round "9"]
[White "Padilla Carmona, Francisco"]
[Black "Jesus Hurtado, Ramon Jose"]
[Result "1/2-1/2"]
[WhiteElo "1755"]
[BlackElo "1694"]
[PlyCount "59"]
[EventDate "2015.04.09"]
[EventType "swiss"]
[EventRounds "9"]
[EventCountry "ESP"]
[SourceTitle "CBM 166 Extra"]
[Source "ChessBase"]
[SourceDate "2015.06.18"]
[SourceVersion "1"]
[SourceVersionDate "2015.06.18"]
[SourceQuality "1"]

1. e4 e6 2. d4 d5 3. Nc3 Bb4 4. e5 c5 5. Bd2 a6 6. a3 Bxc3 7. Bxc3 cxd4 8. Qxd4 Ne7 9. Nf3 Nbc6 10. Qg4 Nf5 11. Bd3 h5 12. Qf4 d4 13. Bd2 Qb6 14. Rb1 g6 15. 0-0 Bd7 16. b4 Nce7 17. Be4 Bc6 18. Bxc6+ Nxc6 19. c4 dxc3 20. Bxc3 Rd8 21. Rbd1 0-0 22. g4 hxg4 23. Qxg4 Ne3 24. Qh4 Rxd1 25. Rxd1 Nxd1 26. Be1 Kg7 27. Qf6+ Kg8 28. Qh4 Kg7 29. Qf6+ Kg8 30. Qh4 1/2-1/2

[Event "Barcelona Primavera La Lira op 8th"]
[Site "Barcelona"]
[Date "2015.05.28"]
[Round "8"]
[White "Massanet Miret, Pere"]
[Black "Padilla Carmona, Francisco"]
[Result "1/2-1/2"]
[WhiteElo "1703"]
[BlackElo "1755"]
[PlyCount "71"]
[EventDate "2015.04.09"]
[EventType "swiss"]
[EventRounds "9"]
[EventCountry "ESP"]
[SourceTitle "CBM 166 Extra"]
[Source "ChessBase"]
[SourceDate "2015.06.18"]
[SourceVersion "1"]
[SourceVersionDate "2015.06.18"]
[SourceQuality "1"]

1. d4 d5 2. Bf4 Nf6 3. Nf3 c5 4. c3 Nc6 5. e3 Qb6 6. Qc2 c4 7. Nbd2 Bg4 8. Be2 e6 9. h3 Bf5 10. Qc1 h6 11. 0-0 Qd8 12. Ne5 Be7 13. Re1 0-0 14. Bf3 Rc8 15. e4 Bh7 16. exd5 exd5 17. Nf1 b5 18. Ne3 Ne4 19. Bxe4 Bxe4 20. f3 Nxe5 21. Bxe5 Bg6 22. Bf4 Bh4 23. g3 Bf6 24. Ng4 Bh5 25. Kf2 Qb6 26. Qd2 Rfe8 27. Rxe8+ Rxe8 28. Re1 Rxe1 29. Qxe1 Bxg4 30. hxg4 Qe6 31. Qe3 g5 32. Be5 Bxe5 33. dxe5 a6 34. Qd4 Kf8 35. a3 Ke8 36. Qe3 1/2-1/2

[Event "Barcelona Primavera La Lira op 8th"]
[Site "Barcelona"]
[Date "2015.05.14"]
[Round "6"]
[White "Ros Montes, Daniel"]
[Black "Padilla Carmona, Francisco"]
[Result "1-0"]
[WhiteElo "2010"]
[BlackElo "1755"]
[PlyCount "105"]
[EventDate "2015.04.09"]
[EventType "swiss"]
[EventRounds "9"]
[EventCountry "ESP"]
[SourceTitle "CBM 166 Extra"]
[Source "ChessBase"]
[SourceDate "2015.06.18"]
[SourceVersion "1"]
[SourceVersionDate "2015.06.18"]
[SourceQuality "1"]

1. c4 e5 2. g3 Nf6 3. Bg2 Nc6 4. Nc3 h6 5. d3 Bb4 6. Bd2 a6 7. e3 d6 8. Nge2 Bf5 9. d4 0-0 10. a3 Ba5 11. b4 Bb6 12. c5 Ba7 13. 0-0 Qd7 14. dxe5 dxe5 15. Bc1 Bd3 16. Qb3 Rad8 17. Rd1 Qf5 18. Ra2 g5 19. Nd5 e4 20. Nxf6+ Qxf6 21. Bb2 Qf5 22. Qc3 f6 23. Qb3+ Kg7 24. Nd4 Nxd4 25. Bxd4 c6 26. a4 Bb8 27. Bf1 Bxf1 28. Rxf1 Rd5 29. b5 axb5 30. axb5 Qd7 31. bxc6 bxc6 32. Ra6 Be5 33. Qa4 Rf7 34. Bxe5 Rxe5 35. Qxc6 Qxc6 36. Rxc6 Ree7 37. Rd6 Rd7 38. Rd4 Rfe7 39. Rfd1 Rc7 40. Rc1 Rc6 41. Kf1 Re5 42. Ke2 Kg6 43. g4 h5 44. gxh5+ Kxh5 45. Rd6 Rcxc5 46. Rxc5 Rxc5 47. Rxf6 g4 48. Kf1 Kg5 49. Rf4 Re5 50. Kg2 Kh4 51. h3 Rg5 52. Rxe4 Kh5 53. Rxg4 1-0

[Event "Barcelona Primavera La Lira op 8th"]
[Site "Barcelona"]
[Date "2015.05.07"]
[Round "5"]
[White "Padilla Carmona, Francisco"]
[Black "Palmero Castillo, Marcelino"]
[Result "1/2-1/2"]
[WhiteElo "1755"]
[BlackElo "1647"]
[PlyCount "59"]
[EventDate "2015.04.09"]
[EventType "swiss"]
[EventRounds "9"]
[EventCountry "ESP"]
[SourceTitle "CBM 166 Extra"]
[Source "ChessBase"]
[SourceDate "2015.06.18"]
[SourceVersion "1"]
[SourceVersionDate "2015.06.18"]
[SourceQuality "1"]

1. e4 c5 2. d4 cxd4 3. c3 Nf6 4. e5 Nd5 5. Qxd4 e6 6. Nf3 Nc6 7. Qe4 d6 8. Bd3 dxe5 9. Nxe5 Nxe5 10. Qxe5 Nf6 11. Bb5+ Bd7 12. 0-0 Bxb5 13. Qxb5+ Qd7 14. Qe2 Be7 15. Nd2 0-0 16. Nf3 Rad8 17. Be3 b6 18. Rfd1 Qc7 19. Bd4 Nd5 20. Be5 Bd6 21. Bxd6 Rxd6 22. g3 Rfd8 23. Nd4 Qc5 24. Rd2 h6 25. Rad1 Nf6 26. Nb3 Rxd2 27. Rxd2 Rxd2 28. Qxd2 Qd5 29. Qxd5 Nxd5 30. Nd4 1/2-1/2

[Event "Barcelona Primavera La Lira op 8th"]
[Site "Barcelona"]
[Date "2015.04.23"]
[Round "3"]
[White "Padilla Carmona, Francisco"]
[Black "Mateu Farre, Josep Maria"]
[Result "0-1"]
[WhiteElo "1755"]
[BlackElo "1980"]
[PlyCount "80"]
[EventDate "2015.04.09"]
[EventType "swiss"]
[EventRounds "9"]
[EventCountry "ESP"]
[SourceTitle "CBM 166 Extra"]
[Source "ChessBase"]
[SourceDate "2015.06.18"]
[SourceVersion "1"]
[SourceVersionDate "2015.06.18"]
[SourceQuality "1"]

1. e4 e5 2. Nf3 Nf6 3. Nc3 Bc5 4. d4 exd4 5. Nxd4 0-0 6. Be2 Re8 7. Qd3 b6 8. Bg5 h6 9. Bh4 g5 10. Bg3 Ba6 11. Qd2 Nxe4 12. Nxe4 Rxe4 13. 0-0-0 Rxd4 14. Qc3 Rxd1+ 15. Bxd1 Nc6 16. h4 Bd4 17. Qa3 Bc4 18. hxg5 Qxg5+ 19. Kb1 Re8 20. f4 Qg7 21. Rh4 Be6 22. Qf3 Bf6 23. Rh1 Nd4 24. Qf2 Bg4 25. Bf3 Qg6 26. Rc1 Bf5 27. Bd1 Be4 28. Bh4 Bxh4 29. Qxh4 d5 30. g4 c5 31. b3 Nb5 32. Kb2 Qg7+ 33. c3 d4 34. Bc2 dxc3+ 35. Ka1 Na3 36. f5 Bxc2 37. Qf2 Qg5 38. Re1 Be4 39. Rg1 Nc2+ 40. Kb1 Ne1+ 0-1

[Event "Barcelona Sant Marti op-B 4th"]
[Site "Barcelona"]
[Date "2015.02.19"]
[Round "6"]
[White "Pascual Gonzalez, Novelles Carle"]
[Black "Padilla Carmona, Francisco"]
[Result "0-1"]
[WhiteElo "1990"]
[BlackElo "1921"]
[PlyCount "40"]
[EventDate "2015.01.15"]
[EventType "swiss"]
[EventRounds "9"]
[EventCountry "ESP"]
[SourceTitle "EXT 2016"]
[Source "ChessBase"]
[SourceDate "2015.10.08"]
[SourceVersion "1"]
[SourceVersionDate "2015.10.08"]
[SourceQuality "1"]

1. e4 e5 2. Nf3 Nc6 3. Bc4 Nf6 4. d3 Be7 5. c3 0-0 6. 0-0 d5 7. exd5 Nxd5 8. h3 Be6 9. Re1 f6 10. d4 Qd7 11. dxe5 fxe5 12. Nxe5 Nxe5 13. Rxe5 Rad8 14. Qe2 Bf7 15. Bxd5 Bf6 16. Bxf7+ Rxf7 17. Re3 Qd1+ 18. Qe1 Re7 19. Nd2 Qxe1+ 20. Rxe1 Rxe1+ 0-1

[Event "Vilafranca del Penedes op 5th"]
[Site "Vilafranca del Penedes"]
[Date "2011.04.08"]
[Round "1.8"]
[White "Diaz Carrasco, Sergio"]
[Black "Padilla Carmona, Francisco"]
[Result "0-1"]
[WhiteElo "2117"]
[BlackElo "1710"]
[PlyCount "72"]
[EventDate "2011.04.08"]
[EventType "swiss"]
[EventRounds "8"]
[EventCountry "ESP"]
[SourceTitle "EXT 2024"]
[Source "ChessBase"]
[SourceDate "2023.10.10"]
[SourceVersion "1"]
[SourceVersionDate "2023.10.10"]
[SourceQuality "1"]

1. e4 e5 2. Nf3 Nc6 3. d4 exd4 4. Nxd4 Bc5 5. Be3 Qf6 6. c3 Nge7 7. Bc4 0-0 8. 0-0 Qg6 9. Nd2 d6 10. f4 Bh3 11. Qf3 Bg4 12. Qg3 Bd7 13. Qf2 Nxd4 14. cxd4 Bb6 15. f5 Qf6 16. Nf3 h6 17. g4 g5 18. e5 dxe5 19. dxe5 Bxe3 20. Qxe3 Qb6 21. Rfe1 Bc6 22. Qxb6 axb6 23. Nd4 Bd5 24. Rac1 Ra4 25. b3 Rxa2 26. f6 Nc6 27. Bxd5 Nxd4 28. Rxc7 Ne2+ 29. Kf1 Nf4 30. Bc4 Rxh2 31. Rxb7 b5 32. Bxb5 Rd8 33. Bd7 Ra8 34. Ba4 Rc8 35. Kg1 Rcc2 36. Re3 Rhg2+ 0-1

[Event "Barcelona La Lira Spring op 3rd"]
[Site "Barcelona"]
[Date "2010.05.20"]
[Round "6.15"]
[White "Romero Gamez, Francisco Javier"]
[Black "Padilla Carmona, Francisco"]
[Result "0-1"]
[WhiteElo "1629"]
[BlackElo "1900"]
[PlyCount "54"]
[EventDate "2010.04.15"]
[EventType "swiss"]
[EventRounds "8"]
[EventCountry "ESP"]
[SourceTitle "EXT 2024"]
[Source "ChessBase"]
[SourceDate "2023.10.10"]
[SourceVersion "1"]
[SourceVersionDate "2023.10.10"]
[SourceQuality "1"]

1. e4 e5 2. Nf3 Nc6 3. Bb5 a6 4. Ba4 Nf6 5. 0-0 b5 6. Bb3 Be7 7. d3 0-0 8. Be3 d6 9. a4 Rb8 10. Nc3 b4 11. Nd5 Be6 12. Nxe7+ Nxe7 13. Bxe6 fxe6 14. Bg5 Ng6 15. Re1 h6 16. Be3 c5 17. c3 bxc3 18. bxc3 Nf4 19. Qd2 N6h5 20. Rad1 Nh3+ 21. gxh3 Rxf3 22. Qe2 Qf6 23. Qf1 Nf4 24. Bxf4 Qxf4 25. Qg2 Rf8 26. Re2 Kh7 27. Rf1 Rf6 0-1